Zweiergruppen #1 - Statistiken

Allgemein
  • Dieses Quiz wurde 7.848 mal gespielt
    7.726 seit der letzten Aktualisierung
  • Das Durchschnittsergebnis liegt bei 24 aus 44
Antwortstatistiken
Kategorie Antwort % Korrekt
Nachbarländer Liechtensteins Schweiz
94%
Nachbarländer Liechtensteins Österreich
93%
Die ersten Menschen in der Bibel Adam
90%
Die ersten Menschen in der Bibel Eva
90%
Gründer Apples, die Steve heißen Steve Jobs
89%
Teilchen eines Atomkerns Neutron
86%
Hauptdarsteller von „Titanic“ Leonardo DiCaprio
85%
Teilchen eines Atomkerns Proton
83%
Nationalsportarten von Kanada Eishockey
81%
Städte, die von einer Atombombe getroffen wurden Hiroshima
81%
Große US-Comicmarken Marvel
78%
Größte Städte Schottlands Edinburgh
73%
Städte, die von einer Atombombe getroffen wurden Nagasaki
71%
Kameltypen Dromedar
70%
Gebirgsketten, die Europa von Asien trennen Ural
70%
Palästinensische Territorien Gaza Streifen
68%
Größte Städte Schottlands Glasgow
68%
Große US-Comicmarken DC
66%
Große Hersteller von Passagierflugzeugen Airbus
65%
Söhne von Prinzessin Diana Harry
65%
Große Hersteller von Passagierflugzeugen Boeing
64%
Eierlegende Säugetiere Schnabeltier
64%
Söhne von Prinzessin Diana William
63%
Kolonien, die Ende der 1990er Jahre an China zurückgegeben wurden Hong Kong
54%
Länder Hispaniolas Dominikanische Republik
48%
Länder Hispaniolas Haiti
48%
Hauptdarsteller von „Titanic“ Kate Winslet
47%
Palästinensische Territorien Westjordanland
43%
Große mesopotamische Flüsse Tigris
42%
Große mesopotamische Flüsse Euphrat
41%
Gebirgsketten, die Europa von Asien trennen Kaukasus
38%
Längste Chinesische Flüsse Jangtsekiang
32%
Reiche, die von den Konquistadoren erobert wurden Inkareich
32%
Häuser des britischen Parlaments House of Lords
31%
Längste Chinesische Flüsse Yellow River
31%
Kolonien, die Ende der 1990er Jahre an China zurückgegeben wurden Macau
30%
Reiche, die von den Konquistadoren erobert wurden Aztekenreich
29%
Beobachterstaaten der UNO Palästina
28%
Häuser des britischen Parlaments House of Commons
27%
Kameltypen Trampeltier
25%
Gründer Apples, die Steve heißen Steve Wozniak
19%
Beobachterstaaten der UNO Vatikanstadt
17%
Nationalsportarten von Kanada Lacrosse
13%
Eierlegende Säugetiere Ameisenigel
8%
Keine übereinstimmenden Quizze gefunden
Verteilung der Resultate
Anzahl Personen mit jedem Resultat
Perzentil nach korrekt beantworteten Fragen
Ihre Resultats-Entwicklung
Sie haben dieses Quiz seit der letzten Aktualisierung nicht gespielt